Fire Emblem Heroes: Book 4 - Statistics

General Stats
  • This quiz has been taken 11 times
  • The average score is 112 of 140
Answer Stats
Hint Source Answer % Correct
Lovely Gifts Valentia Alm: Lovebird Duo
100%
Heir of Light Genealogy Altena: Luminous Rider
100%
Book IV Midpoint Awakening Anna: Secret Seller
100%
Renewed Spirit Heroes Anna: Wealth-Wisher
100%
Harmony amid Chaos 3H Annette: Overachiever
100%
Harmony amid Chaos 3H Bernadetta: Eternal Loner
100%
Mythic Hero Blazing Bramimond: The Enigma
100%
Heir of Light Genealogy Ced: Hero on the Wind
100%
Legendary Hero Valentia Celica: Queen of Valentia
100%
Lovely Gifts Valentia Conrad: Unmasked Knight
100%
A New Future 3H Dimitri: King of Faerghus
100%
Legendary Hero 3H Dimitri: Savior King
100%
A New Future 3H Edelgard: Adrestian Emperor
100%
Legendary Hero 3H Edelgard: Flame Emperor
100%
Book IV Begins Thracia Eyvel: Mistress of Fiana
100%
Lovely Gifts Valentia Faye: Drawn Heartstring
100%
Harmony amid Chaos 3H Ferdinand: Noblest of Nobles
100%
The Dread Isle Blazing Fiora: Airborne Warrior
100%
Harmony amid Chaos 3H Flame Emperor: Bringer of War
100%
Mythic Hero Heroes Hel: Death Sovereign
100%
Glorious Gifts Blazing Jaffar: Angel of Night
100%
Dark Burdens Genealogy Julia: Heart Usurped
100%
Book IV Begins Thracia Kempf: Conniving General
100%
Heir of Light Genealogy Larcei: Keen Kin
100%
The Dread Isle Blazing Leila: Rose amid Fangs
100%
Renewed Spirit Radiant Dawn Lethe: New Year’s Claw
100%
Mythic Hero Heroes Líf: Lethal Swordsman
100%
In the Moment Blazing Lyn: Ninja-Friend Duo
100%
Harmony amid Chaos 3H Lysithea: Child Prodigy
100%
A New Future 3H Lysithea: Earnest Seeker
100%
Book IV Begins Thracia Mareeta: Sword of Stars
100%
The Start of It All Archanea Marth: Legacied Hero
100%
Glorious Gifts Archanea Marth: Royal Altean Duo
100%
Summer Passing Radiant Dawn + Awakening Mia: Harmonic Blades
100%
Bridal Beloveds Radiant Dawn Micaiah: Dawn Wind’s Duo
100%
Mythic Hero Valentia Mila: Goddess of Love
100%
Mythic Hero Heroes Mirabilis: Daydream
100%
The Dread Isle Blazing Nils: Bright Bard
100%
Glorious Gifts Blazing Nino: Flower of Frost
100%
Book IV Begins Thracia Osian: Scolded Soldier
100%
Mythic Hero Heroes Peony: Sweet Dream
100%
Mythic Hero Heroes Plumeria: Lewd Dream
100%
The Dread Isle Blazing Rath: Wolf of Sacae
100%
Lovely Gifts Valentia Rudolf: Emperor of Rigel
100%
Legendary Hero Genealogy Seliph: Scion of Light
100%
Heir of Light Genealogy Shannan: Wielder of Astra
100%
Lovely Gifts Valentia Silque: Selfless Cleric
100%
Glorious Gifts 3H Sothis: Silver Specter
100%
Book IV Begins Thracia Tanya: Dagdar’s Kid
100%
Dragons Harvest Archanea + Blazing Tiki: Harmonic Hope
100%
Heir of Light Genealogy Travant: King of Thracia
100%
Mythic Hero Heroes Triandra: Nightmare
100%
Glorious Gifts Blazing Zephiel: Winter’s Crown
100%
Renewed Spirit Heroes Alfonse: Askran Duo
75%
Dark Burdens PoR Ashnard: Mad King
75%
Familial Festivities Binding Bartre: Earsome Warrior
75%
Pirate's Pride Genealogy Brigid: Orgahil Pirate
75%
Overseas Memories 3H Byleth: Fell Star’s Duo
75%
The Start of It All Archanea Caeda: Princess of Talys
75%
Goddess's Servants 3H Catherine: Thunder Knight
75%
Legendary Hero Awakening Chrom: Crowned Exalt
75%
A New Future 3H Claude: Almyra’s King
75%
Dark Burdens Fates Corrin: Bloodbound Beast
75%
Legendary Hero Fates Corrin: Child of Dusk
75%
Pirate's Pride Archanea Darros: Seawalker
75%
Dragons Harvest Radiant Dawn Dheginsea: Harvest Goldoan
75%
Princess of Bern Binding Dieck: Wounded Tiger
75%
Overseas Memories 3H Dorothea: Solar Songstress
75%
Renewed Spirit Heroes Eir: Renewed Life
75%
To Stay Dreaming Genealogy Eldigan: Strutting Lion
75%
A Star is Born Tokyo Mirage Eleonora: Shooting Starlet
75%
Dragons Harvest Radiant Dawn Ena: Autumn Tactician
75%
Familial Festivities Archanea Est: Springtime Flier
75%
To Stay Dreaming Genealogy Ethlyn: Glimmering Lady
75%
Familial Festivities Binding Fir: Student of Spring
75%
Goddess's Servants 3H Flayn: Playing Innocent
75%
Mythic Hero Heroes Freyja: Lady of Nightmare
75%
Princess of Bern Binding Galle: Azure Rider
75%
Despair and Hope PoR Gatrie: Armored Amour
75%
Pirate's Pride Binding Geese: A Life at Sea
75%
Princess of Bern Binding Guinivere: Princess of Bern
75%
The Dread Isle Blazing Heath: Wandering Knight
75%
Familial Festivities Binding Idunn: Dragonkin Duo
75%
Dark Burdens Radiant Dawn Ike: Zeal Unleashed
75%
Despair and Hope PoR Ilyana: Hungering Mage
75%
Overseas Memories 3H Ingrid: Solstice Knight
75%
A Star is Born Tokyo Mirage Itsuki: Finding a Path
75%
Despair and Hope PoR Jill: Fiery Dracoknight
75%
A New Future Radiant Dawn Jorge: Traveling Peddler
75%
Summer Passing Sacred Joshua: Tropical Gambler
75%
Heroes, Light and Shadow Archanea Julian: Tender Thief
75%
A Star is Born Tokyo Mirage Kiria: Cool Façade
75%
Heroes, Light and Shadow Archanea Kris: Unknown Hero
75%
Heroes, Light and Shadow Archanea Kris: Unsung Hero
75%
To Stay Dreaming Genealogy Lachesis: Ballroom Bloom
75%
In the Moment Heroes Laevatein: Ninja of Múspell
75%
Heroes, Light and Shadow Archanea Lena: Tender Angel
75%
Overseas Memories 3H Lorenz: Highborn Heat
75%
Summer Passing Sacred Lute: Summer Prodigy
75%
Dark Burdens Sacred Lyon: Demon King
75%
A Star is Born Tokyo Mirage Mamori: Microwavin’ Idol
75%
Princess of Bern Binding Melady: Crimson Rider
75%
The Start of It All Archanea Merric: Changing Winds
75%
The Start of It All Archanea Minerva: Princess-Knight
75%
Bridal Beloveds Radiant Dawn Nailah: Blessed Queen
75%
In the Moment Archanea Navarre: Scarlet Ninja
75%
The Start of It All Archanea Palla: Sisterly Trio
75%
To Stay Dreaming Genealogy Quan: Lightfoot Prince
75%
Bridal Beloveds Radiant Dawn Rafiel: Blessed Wings
75%
Summer Passing Radiant Dawn Rhys: Gentle Basker
75%
Summer Passing Sacred Selena: Sandbar Fluorspar
75%
Goddess's Servants 3H Seteth: Seiros Adherent
75%
Goddess's Servants 3H Shamir: Archer Apart
75%
Despair and Hope PoR Shinon: Scathing Archer
75%
To Stay Dreaming Genealogy Sigurd: Destined Duo
75%
Overseas Memories 3H Sylvain: Hanging with Tens
75%
Pirate's Pride Radiant Dawn Tibarn: Shipless Pirate
75%
A Star is Born Tokyo Mirage Tsubasa: Madcap Idol
75%
Pirate's Pride Heroes + Fates Veronica: Harmonic Pirates
75%
Dragons Harvest Archanea Xane: Autumn Trickster
75%
In the Moment PoR Zihark: Ninja Blademaster
75%
Heroes, Light and Shadow Archanea Eremiya: Bishop of Woe
50%
Book IV Midpoint Awakening Gangrel: Plegia’s Mad King
50%
In the Moment Fates Hana: Focused Ninja
50%
Bridal Beloveds Fates Hinata: Samurai Groom
50%
Princess of Bern Binding Merlinus: Pherae’s Clerk
50%
Journey Begins Fates Midori: Reliable Chemist
50%
Book IV Midpoint Awakening Mustafa: Plegian Champion
50%
Familial Festivities Binding Narcian: Vernal General
50%
Goddess's Servants 3H Nemesis: King of Liberation
50%
Bridal Beloveds Fates Oboro: Fierce Bride-to-Be
50%
Despair and Hope PoR Petrine: Icy Flame-Lancer
50%
Dragons Harvest Awakening Robin: Fall Vessel
50%
Book IV Midpoint Awakening Say’ri: Chon’sin’s Blade
50%
Renewed Spirit Fates Selkie: New Year’s Spirit
50%
Book IV Midpoint Awakening Emmeryn: Gentle Exalt
25%
Journey Begins Fates Forrest: Fashion Forward
25%
Journey Begins Fates Iago: Nohr’s Tactician
25%
Journey Begins Fates Lilith: Astral Daughter
25%
Journey Begins Fates Rinkah: Scion of Flame
25%
No matching quizzes found
Score Distribution
Percent of People with Each Score
Percentile by Number Answered
Your Score History
You have not taken this quiz